000 00506nam a2200169Ia 4500
008 131103s9999 xx 000 0 und d
040 _aLoreto College
041 _aEnglish
082 _a881/HIG
_bLCLIB/2378
245 4 _aThe Oxford book of Greek Verse in translation
_cedited by T.F.Higham and C.M.Bowra
260 _aOxford
_bClarendon Press
_c1958
300 _acxii,781 p.
_c 17 cm.
504 _aIncludes bibliographical references
700 _aHigham,T.F.,ed.
850 _aLCLIB
942 _cBK
999 _c5492
_d55971